100 prénoms masculins les plus populaires au Québec - 1990 - Statistiques

Statistiques générales
  • Ce quiz a été pris 44 fois
  • Le résultat moyen est 33 sur 100
Statistiques - réponses
Réponse % Correct
Julien
67%
Marc
67%
Keven
63%
Kevin
63%
Pierre
63%
Antoine
58%
Maxim
58%
Thomas
58%
Alex
54%
Alexandre
54%
François
54%
Mathieu
54%
Michel
54%
Charles
50%
Christian
50%
Christophe
50%
Danny
50%
David
50%
Francis
50%
Olivier
50%
Patrick
50%
Dany
46%
Emmanuel
46%
Gabriel
46%
Samuel
46%
Sébastien
46%
Simon
46%
Stéphane
46%
Vincent
46%
Benjamin
42%
Eric
42%
Etienne
42%
Hugo
42%
Jonathan
42%
Justin
42%
Laurent
42%
Maxime
42%
Nicolas
42%
Philippe
42%
William
42%
Alexis
38%
Anthony
38%
Daniel
38%
Frédéric
38%
Jérôme
38%
Karl
38%
Michaël
38%
Pascal
38%
Patrice
38%
Robert
38%
Yan
38%
Benoit
33%
Carl
33%
Guillaume
33%
Jérémie
33%
Jérémy
33%
Louis
33%
Xavier
33%
Adam
29%
Bruno
29%
Félix
29%
James
29%
Joseph
29%
Raphaël
29%
Steve
29%
Yann
29%
Yannick
29%
Christopher
25%
Martin
25%
Jean-François
21%
Joël
21%
Jordan
21%
Rémi
21%
Steven
21%
Andrew
17%
Cédric
17%
Dave
17%
Joey
17%
Marc-Antoine
17%
Tommy
17%
Jason
13%
Jimmy
13%
Marc-André
13%
Matthew
13%
Mikaël
13%
Alexander
8%
Dominic
8%
Jean-Sébastien
8%
Jessy
8%
Nicholas
8%
Pierre-Luc
8%
Frédérick
4%
Jean-Christophe
4%
Jean-Philippe
4%
Kim
4%
Pier-Luc
4%
Jean-Michel
0%
Jeffrey
0%
Marc-Olivier
0%
Pierre-Olivier
0%
Aucun quiz correspondant
Distribution des résultats
% des personnes avec chaque résultat
Percentile par nombre de réponses
Votre historique - résultats
Vous n’avez pas pris ce quiz